000
00303nam a2200145Ia 4500
100
_a
Iyer/T.S.K.V
942
_c
BK
654
_a
circuit
245
_a
Circuit theory
260
_b
Tata Mc Graw hill
_a
New Dellhi
_c
1987
082
_a
621.3192
_b
IYE
300
_a
520
546
_a
ENGLISH
999
_c
22989
_d
22989